Salesforce compensation : insights from management science /

Bibliographic Details
Main Author: Coughlan, Anne T.
Corporate Author: Marketing Science Institute
Other Authors: Sen, Subrata K.
Format: Book
Language:English
Published: Cambridge, Mass. : Marketing Science Institute, [1986]
Series:Report (Marketing Science Institute) ; no. 86-101.
Working paper (Marketing Science Institute)
Subjects:

MARC

Tag First Indicator Second Indicator Subfields
LEADER 00000cam a2200000 a 4500
001 in00000028123
005 20151007060003.0
008 860814s1986 maua b 00010 eng d
035 |a (OCoLC)14088224 
035 |9 AAB9814AM 
040 |a OFU  |c OFU  |d LDL  |d m/c  |d TXA  |d UtOrBLW 
049 |a TXAM  |c [A11671764] 
050 4 |a HF5439.7  |b .C684 1986 
082 0 4 |a 331.281  |a C 
100 1 |a Coughlan, Anne T. 
245 1 0 |a Salesforce compensation :  |b insights from management science /  |c by Anne T. Coughlan and Subrata K. Sen. 
264 1 |a Cambridge, Mass. :  |b Marketing Science Institute,  |c [1986] 
264 4 |c ©1986 
300 |a v, 70 pages :  |b illustrations ;  |c 28 cm. 
336 |a text  |b txt  |2 rdacontent 
337 |a unmediated  |b n  |2 rdamedia 
338 |a volume  |b nc  |2 rdacarrier 
490 1 |a Report / Marketing Science Institute ;  |v no. 86-101 
490 1 |a Working paper / Marketing Science Institute 
500 |a "March 1986." 
504 |a Bibliography: pages 67-69. 
650 0 |a Sales personnel  |x Salaries, etc. 
700 1 |a Sen, Subrata K. 
710 2 |a Marketing Science Institute. 
830 0 |a Report (Marketing Science Institute) ;  |v no. 86-101. 
830 0 |a Working paper (Marketing Science Institute) 
999 |a MARS 
999 f f |s 751edc3a-5f97-3050-aeea-498b62bfae66  |i 664e223b-2158-3922-b06a-9095d77be03a  |t 0 
952 f f |p ric  |a Texas A&M University  |b Rellis Campus  |c Joint Library Facility  |d Remote Storage  |t 0  |e HF5439.7 .C684 1986  |h Library of Congress classification  |i unmediated -- volume  |m A14811671764 
998 f f |a HF5439.7 .C684 1986  |t 0  |l Remote Storage